Statistics for Guess the Phoebe bridgers song with no hints #8

Click here to take the quiz!

General Stats

  • This quiz has been taken 77 times
  • The average score is 74 of 122

Answer Stats

% Correct
i
100%
a
98%
the
92%
you
91%
to
81%
and
80%
me
80%
do
78%
be
72%
go
72%
it
70%
your
70%
i'm
67%
in
66%
what
66%
don't
63%
my
61%
on
61%
wanna
61%
can't
58%
sleep
55%
take
55%
too
55%
tell
53%
was
53%
alone
50%
miss
50%
now
50%
anymore
48%
face
47%
up
47%
you'll
47%
babe
45%
couldn't
45%
dirty
45%
i've
45%
said
45%
stoned
45%
tired
45%
got
44%
picture
44%
breathe
42%
hands
42%
please
41%
doesn't
39%
feeling
39%
good
39%
knees
39%
other
39%
until
39%
very
39%
laughed
38%
line
38%
quiet
38%
happen
36%
sun
36%
coming
34%
often
34%
ooh
30%

Score Distribution

Percentile by Number Answered

Percent of People with Each Score

Your Score History

You have not taken this quiz